| 000 | 00481nam a22001697a 4500 | ||
|---|---|---|---|
| 005 | 20240621085237.0 | ||
| 008 | 240621b |||||||| |||| 00| 0 eng d | ||
| 041 | _aEnglish | ||
| 082 | _a349 LAW | ||
| 100 | _lEnglish | ||
| 245 | _aHalbury's Laws of England | ||
| 250 | _aThird Edition | ||
| 260 |
_aLondon: _bButterworth and Co. Publishers Ltd, _c1966 |
||
| 300 |
_b91 pages; _c25 cm. |
||
| 650 |
_aLegal practice _bLaw |
||
| 942 |
_cBK _6ALISON_BN_VRIES |
||
| 999 |
_c2019 _d2019 |
||